Normal view
MARC view
Entry Personal Name
001 - CONTROL NUMBER
- control field: 22036
003 - CONTROL NUMBER IDENTIFIER
- control field: OSt
005 - DATE AND TIME OF LATEST TRANSACTION
- control field: 20210209164928.0
008 - FIXED-LENGTH DATA ELEMENTS
- fixed length control field: 210209|| aca||aabn | a|a d
040 ## - CATALOGING SOURCE
- Original cataloging agency: OSt
- Transcribing agency: OSt
100 ## - HEADING--PERSONAL NAME
- Personal name: Rosenzueig, S.T., Carolan, M.S. and Schipanshi, M.E.
670 ## - SOURCE DATA FOUND
- Source citation: Work cat.: (OSt)514931: Rosenzueig, S.T., Carolan, M.S. and Schipanshi, M.E. , A dryland cropping revolution? linking an emerging soil health paradigm with shifting social fields among wheat growers of the high plains
